000 00436nam a2200181Ia 4500
001 22391
005 20260414150828.0
008 260414t2003||||xx |||||||||||||| ||spa||
041 _aESP
082 _a621.38043
_bP87
100 _aProakis, John G.
_eAUT
245 0 _aTratamiento digital de señales
_b
260 _c2003
300 _axv, 976 páginas :
_c24 cm.
650 _aTCA
654 _aCET
942 _cLIB
_dJUS
_fJUS
_2ddc
_n
999 _c22391
_d22391